Código penitenciario y carcelario : (Registro nro. 7011)
[ vista simple ]
| 000 -LEADER | |
|---|---|
| fixed length control field | 01449cam a2200277 i 4500 |
| 003 - CONTROL NUMBER IDENTIFIER | |
| control field | OSt |
| 005 - DATE AND TIME OF LATEST TRANSACTION | |
| control field | 20201123113244.0 |
| 008 - FIXED-LENGTH DATA ELEMENTS--GENERAL INFORMATION | |
| fixed length control field | 160624s2008 ck l 001 0 spa d |
| 010 ## - LIBRARY OF CONGRESS CONTROL NUMBER | |
| LC control number | 2016428022 |
| 020 ## - INTERNATIONAL STANDARD BOOK NUMBER | |
| International Standard Book Number | 9789587113198 |
| 040 ## - CATALOGING SOURCE | |
| Original cataloging agency | EMI |
| Transcribing agency | CO-JMCR |
| 041 0# - LANGUAGE CODE | |
| Language code of text/sound track or separate title | spa |
| 082 04 - DEWEY DECIMAL CLASSIFICATION NUMBER | |
| Classification number | 345.05 / |
| Item number | A666c |
| Edition number | 23 |
| 100 1# - MAIN ENTRY--PERSONAL NAME | |
| Personal name | Arboleda Vallejo, Mario, |
| Relator term | autor |
| 9 (RLIN) | 12400 |
| 245 10 - TITLE STATEMENT | |
| Title | Código penitenciario y carcelario : |
| Remainder of title | anotado / |
| Statement of responsibility, etc. | Mario Arboleda Vallejo. |
| 250 ## - EDITION STATEMENT | |
| Edition statement | Décimo cuarta edición |
| 260 ## - PUBLICATION, DISTRIBUTION, ETC. | |
| Place of publication, distribution, etc. | Bogotá, Colombia : |
| Name of publisher, distributor, etc. | Leyer, |
| Date of publication, distribution, etc. | 2008 |
| 300 ## - PHYSICAL DESCRIPTION | |
| Extent | xv, 365, xix-xliv páginas ; |
| Dimensions | 22 cm. |
| 490 1# - SERIES STATEMENT | |
| Series statement | Códigos anotados |
| 500 ## - GENERAL NOTE | |
| General note | Incluye índices. |
| 505 0# - FORMATTED CONTENTS NOTE | |
| Formatted contents note | Contenidos y principios rectores -- Sistema nacional penitenciario y carcelario cárceles departamentales y municipales -- Autoridades penitenciarias y carcelarias -- Administración de personal penitenciario y carcelario -- Juez ejecución de penas y medidas de seguridad -- Régimen penitenciario y carcelario -- Trabajo -- Educación y enseñanza -- Servicio de sanidad -- Comunicaciones y visitas -- Reglamento disciplinario para internos -- Evasión -- Tratamiento penitenciario -- Atención social, penitenciario y carcelario -- Servicio pospenitenciario -- Disposiciones varias |
| 650 24 - SUBJECT ADDED ENTRY--TOPICAL TERM | |
| Topical term or geographic name entry element | Procedimiento Penal |
| Geographic subdivision | Colombia. |
| 9 (RLIN) | 8846 |
| 650 24 - SUBJECT ADDED ENTRY--TOPICAL TERM | |
| Topical term or geographic name entry element | Prisiones |
| General subdivision | Legislacion |
| Geographic subdivision | Colombia |
| 9 (RLIN) | 12401 |
| 650 24 - SUBJECT ADDED ENTRY--TOPICAL TERM | |
| Topical term or geographic name entry element | Código penitenciario |
| Geographic subdivision | Colombia |
| 9 (RLIN) | 12402 |
| 942 ## - ADDED ENTRY ELEMENTS (KOHA) | |
| Source of classification or shelving scheme | Dewey Decimal Classification |
| Koha item type | Books |
| Withdrawn status | Lost status | Source of classification or shelving scheme | Damaged status | Not for loan | Home library | Current library | Shelving location | Date acquired | Source of acquisition | Total Checkouts | Full call number | Barcode | Date last seen | Copy number | Price effective from | Koha item type |
|---|---|---|---|---|---|---|---|---|---|---|---|---|---|---|---|---|
| Dewey Decimal Classification | Biblioteca Pública José María del Castillo y Rada | Biblioteca Pública José María del Castillo y Rada | General Stacks | 04/15/2018 | Donación | 345.05 / A666c | 201810213 | 05/16/2024 | Ej.1 | 04/15/2018 | Books |